000 00507nam a22001697a 4500
999 _c62240
_d62240
005 20240829124756.0
008 240829c2008 enk||||| |||| 00| 0 eng d
022 _a0149 9246
041 _aeng
245 _aHastings International and Comparative Law Review :
_b2008 /
_cRed. J. Azam.
260 _aCalifornia,
_c2008.
300 _aV.
653 _aსამართალი
653 _aპერიოდიკა
700 _a Azam., J.
_eრედაქტორი
_923141
942 _2udc
_cCR